000
00357nam a2200157Ia 4500
008
230524s9999 xx 000 0 und d
082
_b
SIN
100
_a
Swarn Singh
_9
42043
245
0
_a
Workshop Practice
250
_a
1
260
_a
New Delhi
_b
Katson
_c
2008
300
_a
257p;
500
_a
Quantity Number: 1
650
_a
Workshop
942
_c
BK
999
_c
56460
_d
56460